000 nam a22 7a 4500
999 _c126400
_d126400
008 170411b xxu||||| |||| 00| 0 eng d
050 _aBX1675.C363 2016
245 _aLe Catholicisme en Afrique Centraler Et Occidentale Au XXIeme Siecle
_bRegards croises, defis et perspectives
_cEdited by Ludovic Lado
260 _aAbidjan
_bLes Editions du CERAP
_c2016
300 _a313p. ;
_c22cm.
650 _aCatholic Church
_zAfrica
_929807
650 _aSociology, Christian
_zAfrica
_929808
700 _aLado, Ludovic
_eed.
_929912
942 _2lcc
_cMONOGRAPH